000 00578nam a22002057a 4500
003 koha_MIRAKIL
005 20231213100201.0
008 231213b |||||||| |||| 00| 0 ||| d
020 _b978-9-75081462-4
040 _aTR-IsEVY
_btur
_cTR-IsEVY
082 _a811 DAĞ/G
100 _aDağlarca, Fazıl Hüsnü.
245 0 _aGöz masalı
250 _a2. bs.
260 _bYapı Kredi Yayınları,
_c2010
300 _a34 s.
650 _aChildren's literature -- Children's poetry, Turkish.
650 _aÇocuk edebiyatı -- Çocuk şiiri, Türk.
942 _2ddc
_cBK
999 _c15872
_d15872